000 00991nam0a22002531 4500
001 RU\NLR\INFOCOMM_190\5000025842
005 20250613090743.0
035 _a(NLR Aleph) 009078078
090 _a7964879
_c7964879
100 _a20081112g18355353|||y0rusy50 ca
101 0 _afre
102 _aRU
_aDE
105 _aa ||||000|y
200 1 _aMusée de Tzarskoe-Selo ou Collection d'armes de sa majesté l'empereur de toutes les Russies
_eVol. 1-3
_fOuvrage composé de 180 planches lithographiées par Asselineau, d'après les dessins originaux de A. Rockstuhl ...
_gAvec une introd. historique par Flor. Gille ...
210 _aSt.-Petersbourg
_aCarlsruhe
_cVelten
_d1835-53
215 _a3 т. с изобр. на отд. л.
_cизобр.
_d51 см
700 1 _aAsselineau
_bL. A.
_gLéon Auguste
_4070
702 1 _aGille
_bF.
_gFlor.
_4080
702 1 _aRockstuhl
_bA.
_4440
801 1 _aRU
_bNLR
_c20081112
801 0 _aRU
_bNLR
_gPSBO
852 _aNLR
_jЭ АлИс610/4-4
942 _cBOOK
980 _aNB